Every area in FNAF: Security Breach and the Ruin DLC - Statistics

General Stats
  • This quiz has been taken 3 times
    2 since last reset
  • The average score is 15 of 67
Answer Stats
Level displayed on Map Location % Correct
Level 2 Atrium and Atrium Balcony
100%
Groundfloor Daycare
100%
Level 3 El Chips
100%
Basement 1 Fazerblast
100%
Level 2 Kids Cove
100%
Level 2 Main Stage
100%
Level 3 Mazercise
100%
Basement 1 Montys Gator Golf
100%
Groundfloor Utility Tunnels
100%
Level 4 Bonnie Bowl
50%
Level 3 East Arcade
50%
Groundfloor FazPad
50%
Under PizzaPlex Freddy Fazbears Pizza Place
50%
Basement 1 Kitchen
50%
Basement 1 Montys Gator Golf Catwalks
50%
Basement 2 Parts and Service
50%
Level 2 Pizza
50%
Level 3 Prize Counter
50%
Level 2 Rockstar Row
50%
Basement 1 Roxy Raceway
50%
Level 4 West Arcade
50%
Level 2 Backstage
0%
Level 4 Backstage Bonnie Bowl
0%
Level 2 Bakery
0%
Groundfloor Blob Stairwell
0%
Level 4 Bonnie Bowl Arcade
0%
Level 4 Bonnie Bowl Ice Cream Parlour
0%
Under PizzaPlex Burntrap Ending Room
0%
Groundfloor Car Park
0%
Basement 2 Chicas Trashland
0%
Groundfloor Customer Service
0%
Groundfloor Daycare Entrance
0%
AR World East Server Room
0%
Groundfloor Elevator Shaft
0%
Basement 1 Endo Basement
0%
Basement 2 Endo Warehouse
0%
Groundfloor Fazbear Theater
0%
Basement 1 Fazerblast Security Office
0%
Level 2 Fazerblast Sub-lobby
0%
Basement 1 Fizzy Faz Maintenance Room
0%
Under PizzaPlex Freddy Fazbears Pizza Place Sinkhole
0%
Groundfloor Groundfloor Kitchen
0%
Level 2 Ice Cream
0%
Groundfloor Lower Gift Shop
0%
Groundfloor Main Entrance
0%
Groundfloor Main Lobby
0%
Basement 2 Maintenance Silo
0%
Level 2/Groundfloor Maintenance Tunnels
0%
Level 3 Mazercise Sub-lobby
0%
Under Pizzaplex Mimic Basement
0%
Basement 1 Montys Gator Golf Security Office
0%
Level 2 Montys Gator Golf Sub-lobby
0%
Basement 1 Montys Gator Grub
0%
Level 2 Pasta
0%
Level 2 Roxy Hair Salon
0%
Level 2 Roxy Raceway Construction Zone
0%
Basement 1 Roxy Raceway Party Garages
0%
Basement 1 Roxy Raceway Pitstop
0%
Level 2 Roxy Raceway Sub-lobby
0%
Level 2 Salads and Sides
0%
Groundfloor Sewer Room
0%
Level 2 Showtime Office
0%
Level 3 Showtime Stage
0%
Groundfloor Upper Gift Shop
0%
Level 4 West Arcade Maintenance Hall
0%
Level 4 West Arcade Security Office
0%
AR World West Server Room
0%
No matching quizzes found
Score Distribution
Percent of People with Each Score
Percentile by Number Answered
Your Score History
You have not taken this quiz since the last reset